Science Quiz

Random Science or Biology Quiz

Mammal, Bird, Reptile, Fish or Amphibian II Quiz Stats

 Plays Quiz Updated Oct 29, 2015

Challenge
Share
Tweet
Embed
Score 0/40 Timer 05:00
0 Plays Today
Animal M, B, R, F or A? % Correct
Frog???
88.9%
Pike???
81.6%
Porpoise???
81.4%
Guppy???
80.3%
Ray???
79.7%
Manatee???
79.6%
Gecko???
78.8%
Ibis???
74.2%
Adder???
72.1%
Monitor???
62%
Redstart???
61.2%
Grebe???
58.8%
Booby???
58.5%
Amphiuma???
58%
Coati???
57.5%
Oryx???
57%
Dik-dik???
56.2%
Peppershrike???
55.6%
Pangolin???
53.6%
Hyrax???
50.2%
Animal M, B, R, F or A? % Correct
Vicuña???
48.1%
Albacore???
47.2%
Fossa???
44.4%
Skink???
43.2%
Sprat???
38.6%
Addax???
38.1%
Mudpuppy???
35.3%
Wrasse???
34.5%
Skua???
32%
Anole???
29.4%
Galah???
27.8%
Jaçana???
25.3%
Caecilia???
23.6%
Frogmouth???
23.3%
Tinamou???
22%
Agama???
21.1%
Candiru???
18.6%
Madtom???
16.4%
Chuckwalla???
15.4%
Mastigure???
11.6%

You're not logged in!

Compare scores with friends on all Sporcle quizzes.
OR
Log In

You Might Also Like...

Show Comments

Extras

Top Quizzes Today


Score Distribution

Your Account Isn't Verified!

In order to create a playlist on Sporcle, you need to verify the email address you used during registration. Go to your Sporcle Settings to finish the process.

Report this User

Report this user for behavior that violates our Community Guidelines.

Details: